| 000 | 01297nam a22002777a 4500 | ||
|---|---|---|---|
| 003 | OSt | ||
| 005 | 20231005073234.0 | ||
| 008 | 221006b |||||||| |||| 00| 0 eng d | ||
| 040 | _cBiblioteca Lado V | ||
| 082 |
_a631.5 _bV473b |
||
| 100 |
_91151 _aVera-Herrera, Ramón _eeditor |
||
| 245 |
_aBiodiversidad/ _bsustento y cultura/ |
||
| 260 |
_bFundación Pan para todos _c2020 _aAmérica Latina |
||
| 300 |
_c28x22cm _a48p. |
||
| 366 | _eeng | ||
| 490 | _a105 | ||
| 505 |
_aEditorial _tLa parcela agroecológico y la Casa de las simillas La lucha por las semillas, la agroecología y la tierra están entrelazadas Herramientas y cuidados para recobrar nuestra imaginación colectiva Caminos del Semiárido brasileño para la gestión de la agrobiodiversidad Construcción de soberanía alimentaria desde los territorios |
||
| 505 | _aAtaques, políticas, resistencias, relatos | ||
| 505 | _aUn vistazo, muchas aristas | ||
| 650 |
_2Tesauro de Arte & Arquitectura _aAGRICULTURA _9703 |
||
| 650 |
_2Tesauro de Arte & Arquitectura _aSEMILLAS |
||
| 650 |
_2Tesauro de Arte & Arquitectura _aCULTIVOS _9702 |
||
| 650 |
_2Tesauro de Arte & Arquitectura _aCULTURA |
||
| 650 |
_2Tesauro de Arte & Arquitectura _aBIODIVERSIDAD |
||
| 942 |
_2ddc _c1 _h631.5 _iV473b _n0 |
||
| 999 |
_c4474 _d4474 |
||